| 000 | 00557nam a2200181Ia 4500 | ||
|---|---|---|---|
| 003 | GCL | ||
| 008 | 140319s9999 xx 000 0 ara d | ||
| 040 |
_aGCL / _cGCL |
||
| 082 | 0 | 4 |
_a229.7 _bن ا |
| 100 | 1 | _aنظمى خليل ابوالعطا | |
| 245 | 1 | 0 |
_aاعجاز النبات فى القران الكريم / _cنظمى خليل ابوالعطا |
| 260 |
_a[S.N] : _bمكتبة النور للطباعة والتوزيع |
||
| 300 | _a134 ص | ||
| 490 | _a | ||
| 650 | 0 | 4 | _aالقران - اعجاز |
| 650 | 0 | 4 | _aالقران |
| 942 |
_2ddc _cBK |
||
| 999 |
_c29040 _d29040 |
||